| 000 | 00622nam a22002175i 4500 | ||
|---|---|---|---|
| 999 |
_c2424 _d2424 |
||
| 001 | 85 | ||
| 003 | BD-DhUAP | ||
| 005 | 20210130094200.0 | ||
| 008 | 200224s2020 nyu 000 0 eng | ||
| 020 | _a0449906981 | ||
| 040 |
_aBD-DhUAP _bEng _cBD-DhUAP _dBD-DhUAP |
||
| 082 |
_223 _a709 ROB |
||
| 100 | _aRobinson, Walter. | ||
| 245 |
_aInstant art history : _bfrom cave art to pop art / _cWalter Robinson. |
||
| 260 |
_aNew York : _bFawcett Columbine, _c©1995. |
||
| 300 |
_axv, 240 pages : _billustrations ; _c21 cm. |
||
| 500 | _aIncludes index. | ||
| 650 | _aArt -- History | ||
| 650 | _aGeschichte. | ||
| 942 |
_2ddc _cBK |
||